000 00348nam a2200145Ia 4500
005 20251222152653.0
008 251222s9999||||xx |||||||||||||| ||spa||
020 _a84596246108
082 _a818.44/T98/T.III
100 _aTwain, Mark
245 0 _aLas Aventura de Tom Sawyer
250 _a1ra. ed.
264 _bEl PaĆ­s Aventura
942 _cLIB
999 _c28518
_d28518